000 00494nam a2200181Ia 4500
008 090123s9999 xx 000 0 und d
082 _b39746
100 _aपांडे शैलेश
245 _aपारुल
250 _a1
260 _bकौस्तुभ प्रकाशन
_c2006
300 _a97
600 _aपांडे शैलेश
630 _aपारुल
700 _aपांडे शैलेश
730 _aपारुल
942 _cBOOK
999 _c77818
_d77818